000 00884nam a22002897a 4500
001 8365
003 FISKH
005 20250910094043.0
008 250910b cb ||||| |||| 00| 0 eng d
020 _a9780763608521
040 _aFISKH
_beng
_cFISKH
_dFISKH
050 _aPZ8.V82 O
082 _a398.84
100 _aVoce, Louise
245 _aRead and share :
_bOver in the meadow a counting rhyme /
_cLouise Voce
250 _aThis edition first published in 1994
260 _aMassachusetts :
_bCandlewick,
_c1994
300 _a26 unnumbered pages :
_bcolor illustrations ;
_c23 cm
505 _aG
520 _aA counting rhyme describing the activities of various baby animals, from one turtle to ten foxes.
521 8 _a380
_bLexile
521 8 _aG
_bRaz-Plus
650 _2Big book
_aRhyming
650 _2Counting
942 _2ddc
_cBK
_n0
999 _c8365
_d8365